书目信息 |
| 题名: |
说文解字约注
|
|
| 作者: | 张舜徽 著 | |
| 分册: | 上 | |
| 出版信息: | 郑州 中州书画社 1983 |
|
| 页数: | 全一册 | |
| 开本: | 21cm | |
| 丛书名: | ||
| 单 册: | ||
| 中图分类: | H161 | |
| 科图分类: | ||
| 主题词: | 汉字-文字学--研究 , 文字学-汉字--研究 | |
| 电子资源: | ||
| ISBN: | ||
| 000 | 00740nam0 2200265 45 | |
| 001 | 0183011510 | |
| 005 | 20061031094235.75 | |
| 010 | @b精装@dCNY46.00(全三册) | |
| 091 | @aCN@b9219.2 | |
| 100 | @a19950523d1983 em y0chiy0121 ea | |
| 101 | 0 | @achi |
| 102 | @aCN@b410000 | |
| 105 | @ay z 000yy | |
| 200 | 10 | @a说文解字约注@h上@h卷一至卷九@Ashuo wen jie zi yue zhu@e三十卷@f张舜徽著 |
| 210 | @a郑州@c中州书画社@d1983 | |
| 215 | @a全一册@d21cm | |
| 300 | @a本书是现代研究《说文解字》的专著. | |
| 605 | @a说文解字@x研究 | |
| 606 | @a汉字-文字学@x研究 | |
| 606 | @a文字学-汉字@x研究 | |
| 690 | @aH161@v3 | |
| 701 | 0 | @a张舜徽@Azhang shun hui@4著 |
| 801 | 2 | @aCN@bNLC@c20061031 |
| 801 | 0 | @aCN@bTSSF |
| 905 | @a10447@dH161@e12:1 | |
| 说文解字约注.上.卷一至卷九:三十卷/张舜徽著.-郑州:中州书画社,1983 |
| 全一册;21cm |
| 本书是现代研究《说文解字》的专著. |
| ISBN (精装):CNY46.00(全三册) |
| ● |
| 相关链接 |
|
|
|
|
正题名:说文解字约注
索取号:H161/12:1
 
预约/预借
| 序号 | 登录号 | 条形码 | 馆藏地/架位号 | 状态 | 备注 |
| 1 | 0099276 | 202076608 | 第二样本阅览室/ [索取号:H161/12:1] | 在馆 |